<?xml version="1.0" encoding="UTF-8"?>
<record
    xmlns:xsi="http://www.w3.org/2001/XMLSchema-instance"
    xsi:schemaLocation="http://www.loc.gov/MARC21/slim http://www.loc.gov/standards/marcxml/schema/MARC21slim.xsd"
    xmlns="http://www.loc.gov/MARC21/slim">

  <leader>01923cam a2200421 i 4500</leader>
  <controlfield tag="003">SA-RiAUC</controlfield>
  <controlfield tag="005">20250102082223.0</controlfield>
  <controlfield tag="008">241221s2001    su     g b   f000 0 ara c</controlfield>
  <datafield tag="020" ind1=" " ind2=" ">
    <subfield code="a">9960140822</subfield>
  </datafield>
  <datafield tag="020" ind1=" " ind2=" ">
    <subfield code="z">996140822</subfield>
  </datafield>
  <datafield tag="040" ind1=" " ind2=" ">
    <subfield code="a">OM-MuSQU</subfield>
    <subfield code="b">ara</subfield>
    <subfield code="c">SA-RiAUC</subfield>
    <subfield code="e">rda</subfield>
  </datafield>
  <datafield tag="041" ind1="1" ind2=" ">
    <subfield code="a">ara</subfield>
    <subfield code="h">eng</subfield>
  </datafield>
  <datafield tag="050" ind1="1" ind2="4">
    <subfield code="b">. D7812 2001</subfield>
  </datafield>
  <datafield tag="050" ind1=" " ind2="4">
    <subfield code="b">.D78 2001</subfield>
  </datafield>
  <datafield tag="082" ind1="0" ind2="4">
    <subfield code="a">306.342</subfield>
    <subfield code="q">SA-RiAUC</subfield>
  </datafield>
  <datafield tag="090" ind1=" " ind2=" ">
    <subfield code="a">306.342 </subfield>
    <subfield code="b"> &#x62F; &#x631; &#x627;</subfield>
  </datafield>
  <datafield tag="100" ind1="1" ind2=" ">
    <subfield code="a">&#x62F;&#x631;&#x627;&#x643;&#x631;&#x60C; &#x628;&#x64A;&#x62A;&#x631; &#x641;.</subfield>
    <subfield code="q">(&#x628;&#x64A;&#x62A;&#x631; &#x641;&#x631;&#x62F;&#x64A;&#x646;&#x627;&#x646;&#x62F;)&#x60C;</subfield>
    <subfield code="d">1909-2005</subfield>
    <subfield code="e">&#x645;&#x624;&#x644;&#x641;.</subfield>
  </datafield>
  <datafield tag="240" ind1="1" ind2="0">
    <subfield code="a">Post-capitalist society.</subfield>
    <subfield code="l">Arabic</subfield>
  </datafield>
  <datafield tag="245" ind1="1" ind2="0">
    <subfield code="a">&#x645;&#x62C;&#x62A;&#x645;&#x639; &#x645;&#x627; &#x628;&#x639;&#x62F; &#x627;&#x644;&#x631;&#x623;&#x633;&#x645;&#x627;&#x644;&#x64A;&#x629; /</subfield>
    <subfield code="c">&#x62A;&#x623;&#x644;&#x64A;&#x641; &#x628;&#x64A;&#x62A;&#x631; &#x62F;&#x631;&#x627;&#x643;&#x631; &#x61B; &#x62A;&#x631;&#x62C;&#x645;&#x629; &#x635;&#x644;&#x627;&#x62D; &#x628;&#x646; &#x645;&#x639;&#x627;&#x630; &#x627;&#x644;&#x645;&#x639;&#x64A;&#x648;&#x641; &#x61B; &#x631;&#x627;&#x62C;&#x639; &#x627;&#x644;&#x62A;&#x631;&#x62C;&#x645;&#x629; &#x639;&#x628;&#x62F; &#x627;&#x644;&#x644;&#x647; &#x628;&#x646; &#x645;&#x62D;&#x645;&#x62F; &#x627;&#x644;&#x62D;&#x645;&#x64A;&#x62F;&#x627;&#x646;.</subfield>
  </datafield>
  <datafield tag="264" ind1=" " ind2="1">
    <subfield code="a">&#x627;&#x644;&#x631;&#x64A;&#x627;&#x636; :</subfield>
    <subfield code="b">&#x645;&#x639;&#x647;&#x62F; &#x627;&#x644;&#x625;&#x62F;&#x627;&#x631;&#x629; &#x627;&#x644;&#x639;&#x627;&#x645;&#x629;&#x60C; &#x645;&#x631;&#x643;&#x632; &#x627;&#x644;&#x628;&#x62D;&#x648;&#x62B;&#x60C;</subfield>
    <subfield code="c">2001</subfield>
  </datafield>
  <datafield tag="300" ind1=" " ind2=" ">
    <subfield code="a">383 &#x635;&#x641;&#x62D;&#x629; &#x61B;</subfield>
    <subfield code="c">24 &#xD7; 16 &#x633;&#x645;</subfield>
  </datafield>
  <datafield tag="336" ind1=" " ind2=" ">
    <subfield code="a">&#x646;&#x635;</subfield>
    <subfield code="b">txt</subfield>
    <subfield code="2">rdacontent</subfield>
    <subfield code="3">&#x643;&#x62A;&#x627;&#x628;</subfield>
  </datafield>
  <datafield tag="337" ind1=" " ind2=" ">
    <subfield code="a">&#x628;&#x62F;&#x648;&#x646; &#x648;&#x633;&#x64A;&#x637;</subfield>
    <subfield code="b">n</subfield>
    <subfield code="2">rdamedia</subfield>
  </datafield>
  <datafield tag="338" ind1=" " ind2=" ">
    <subfield code="a">&#x645;&#x62C;&#x644;&#x62F;</subfield>
    <subfield code="b">nc</subfield>
    <subfield code="2">rdacarrier</subfield>
  </datafield>
  <datafield tag="490" ind1="0" ind2=" ">
    <subfield code="a">&#x633;&#x644;&#x633;&#x644;&#x629; &#x627;&#x644;&#x643;&#x62A;&#x628; &#x627;&#x644;&#x62C;&#x62F;&#x64A;&#x62F;&#x629;</subfield>
  </datafield>
  <datafield tag="504" ind1=" " ind2=" ">
    <subfield code="a">&#x64A;&#x634;&#x62A;&#x645;&#x644; &#x639;&#x644;&#x649; &#x628;&#x628;&#x644;&#x64A;&#x648;&#x62C;&#x631;&#x627;&#x641;&#x64A;&#x629;.</subfield>
  </datafield>
  <datafield tag="590" ind1=" " ind2=" ">
    <subfield code="a">&#x623;&#x633;&#x645;&#x627;&#x621; / &#x645;&#x62D;&#x645;&#x62F; / &#x62D;&#x645;&#x64A;&#x62F;.</subfield>
  </datafield>
  <datafield tag="650" ind1=" " ind2="7">
    <subfield code="a">&#x627;&#x644;&#x631;&#x623;&#x633;&#x645;&#x627;&#x644;&#x64A;&#x629;</subfield>
    <subfield code="x">&#x62C;&#x648;&#x627;&#x646;&#x628; &#x627;&#x62C;&#x62A;&#x645;&#x627;&#x639;&#x64A;&#x629;</subfield>
    <subfield code="2">aucsh</subfield>
  </datafield>
  <datafield tag="650" ind1=" " ind2="7">
    <subfield code="a">&#x627;&#x644;&#x633;&#x64A;&#x627;&#x633;&#x629; &#x627;&#x644;&#x62F;&#x648;&#x644;&#x64A;&#x629;</subfield>
    <subfield code="y">&#x642;&#x631;&#x646; 20</subfield>
    <subfield code="2">aucsh</subfield>
  </datafield>
  <datafield tag="650" ind1=" " ind2="7">
    <subfield code="a">&#x627;&#x644;&#x627;&#x642;&#x62A;&#x635;&#x627;&#x62F;</subfield>
    <subfield code="x">&#x62A;&#x627;&#x631;&#x64A;&#x62E;</subfield>
    <subfield code="y">&#x642;&#x631;&#x646; 20</subfield>
    <subfield code="2">aucsh</subfield>
  </datafield>
  <datafield tag="700" ind1="1" ind2=" ">
    <subfield code="a">&#x627;&#x644;&#x645;&#x639;&#x64A;&#x648;&#x641;&#x60C; &#x635;&#x644;&#x627;&#x62D; &#x645;&#x639;&#x627;&#x630;</subfield>
    <subfield code="e">&#x645;&#x62A;&#x631;&#x62C;&#x645;.</subfield>
  </datafield>
  <datafield tag="700" ind1="1" ind2=" ">
    <subfield code="a">&#x627;&#x644;&#x62D;&#x645;&#x64A;&#x62F;&#x627;&#x646;&#x60C; &#x639;&#x628;&#x62F; &#x627;&#x644;&#x644;&#x647; &#x645;&#x62D;&#x645;&#x62F;</subfield>
    <subfield code="e">&#x645;&#x631;&#x627;&#x62C;&#x639;.</subfield>
  </datafield>
  <datafield tag="700" ind1="1" ind2="2">
    <subfield code="i">&#x62A;&#x631;&#x62C;&#x645;&#x629; &#x644;&#x640; :</subfield>
    <subfield code="a">&#x62F;&#x631;&#x627;&#x643;&#x631;&#x60C; &#x628;&#x64A;&#x62A;&#x631; &#x641;.</subfield>
    <subfield code="q">(&#x628;&#x64A;&#x62A;&#x631; &#x641;&#x631;&#x62F;&#x64A;&#x646;&#x627;&#x646;&#x62F;)&#x60C;</subfield>
    <subfield code="d">1909-2005.</subfield>
    <subfield code="t">Post-capitalist society.</subfield>
  </datafield>
  <datafield tag="856" ind1="4" ind2=" ">
    <subfield code="u">http://10.0.0.80:1110/09-07-2013/cataloging/155%20(32).pdf</subfield>
  </datafield>
  <datafield tag="856" ind1="4" ind2=" ">
    <subfield code="u">http://10.0.0.80:1110/20-08-2013/Pub2/241%20(23).pdf</subfield>
  </datafield>
  <datafield tag="942" ind1=" " ind2=" ">
    <subfield code="2">ddc</subfield>
    <subfield code="c">BOOK</subfield>
    <subfield code="n">0</subfield>
  </datafield>
  <datafield tag="949" ind1=" " ind2=" ">
    <subfield code="a">SA-JeALM</subfield>
    <subfield code="d">241221</subfield>
    <subfield code="u">osman123</subfield>
    <subfield code="n">1</subfield>
  </datafield>
  <datafield tag="952" ind1=" " ind2=" ">
    <subfield code="0">0</subfield>
    <subfield code="1">0</subfield>
    <subfield code="2">ddc</subfield>
    <subfield code="4">0</subfield>
    <subfield code="7">0</subfield>
    <subfield code="a">WAHAB</subfield>
    <subfield code="b">WAHAB</subfield>
    <subfield code="d">2025-01-02</subfield>
    <subfield code="l">0</subfield>
    <subfield code="o">306.342  &#x62F; &#x631; &#x627;</subfield>
    <subfield code="p">000006897</subfield>
    <subfield code="r">2025-01-02 08:22:55</subfield>
    <subfield code="w">2025-01-02</subfield>
    <subfield code="y">BOOK</subfield>
  </datafield>
  <datafield tag="999" ind1=" " ind2=" ">
    <subfield code="c">4338</subfield>
    <subfield code="d">4338</subfield>
  </datafield>
</record>
